000 00303nam a22001337a 4500
008 170601b xxu||||| |||| 00| 0 eng d
020 _a9780849938610
041 _aeng
080 _a93
100 _a17
101 _aSHH
245 _aCHURCH HISTORY IN PLAIN LANGUAGE
_cSHELLEY, B.L
942 _2udc
_cBK
999 _c15519
_d15519